Fundamentals Of Cartography (Record no. 351752)

MARC details
000 -LEADER
fixed length control field 00453nam a2200181Ia 4500
008 - FIXED-LENGTH DATA ELEMENTS--GENERAL INFORMATION
fixed length control field 230718s9999 xx 000 0 und d
020 ## - INTERNATIONAL STANDARD BOOK NUMBER
International Standard Book Number 9789351250159
041 ## - LANGUAGE CODE
Language code of text/sound track or separate title eng
082 ## - DEWEY DECIMAL CLASSIFICATION NUMBER
Classification number 526
Item number MIS
100 ## - MAIN ENTRY--PERSONAL NAME
Personal name Mishra R.P.
245 ## - TITLE STATEMENT
Title Fundamentals Of Cartography
250 ## - EDITION STATEMENT
Edition statement 2nd ed.
260 ## - PUBLICATION, DISTRIBUTION, ETC. (IMPRINT)
Date of publication, distribution, etc. 2014
Name of publisher, distributor, etc. Concept Publication
300 ## - PHYSICAL DESCRIPTION
Extent 538
365 ## - TRADE PRICE
Currency code Rs.
Price amount 1600.00
700 ## - ADDED ENTRY--PERSONAL NAME
Personal name Mishra R.P.
906 ## - LOCAL DATA ELEMENT F, LDF (RLIN)
d O:0722313-Jan-2021B:IN456
c BSH
b 960
Holdings
Withdrawn status Lost status Damaged status Not for loan Home library Current library Date acquired Vendor Budget Code Cost, normal purchase price Bill number Total Checkouts Full call number Barcode Date last seen Discount Cost, replacement price Bill Date Koha item type Original Barcode
        Cummins College of Engineering for Women Pune Cummins College of Engineering for Women Pune 13/01/2021 Pradeep Book Distributors BSH 1280.00 IN456   526 CCEP-BK-62963 18/07/2023 960 1600.00 18/07/2023 Books 062963